Asia Pacific property digest second quarter 2012 (Record no. 84245)

MARC details
000 -LEADER
fixed length control field 01356cad a22002175a 4500
001 - CONTROL NUMBER
control field L157041
008 - FIXED-LENGTH DATA ELEMENTS--GENERAL INFORMATION
fixed length control field 120817s2012 xxk 000 0 eng d
035 ## - SYSTEM CONTROL NUMBER
System control number (Sirsi) u157041
041 0# - LANGUAGE CODE
Language code of text/sound track or separate title eng
110 2# - MAIN ENTRY--CORPORATE NAME
Corporate name or jurisdiction name as entry element Jones Lang LaSalle
9 (RLIN) 3755
245 00 - TITLE STATEMENT
Title Asia Pacific property digest second quarter 2012
Remainder of title leasing moderates, investment rebounds
Medium [electronic resource]
260 ## - PUBLICATION, DISTRIBUTION, ETC.
Place of publication, distribution, etc. [S.l.]
Name of publisher, distributor, etc. JLL
Date of publication, distribution, etc. 2012
490 #0 - SERIES STATEMENT
Series statement Jones Lang LaSalle Asia Pacific Property Digest
Volume/sequential designation Q2 2012
520 ## - SUMMARY, ETC.
Summary, etc. In Q2 2012 regional leasing activity levels were moderately lower than for the same period in 2011. Commercial real estate investment activity in contrast rebounded during the quarter. The Asia Pacific economy is forecast to outpace the rest of the world in the second half of 2012 and rents and capital values will see further moderate increases in most locations. Provides data on the office, retail, residential, industrial, and hotels markets in major cities across the region, prefaced by feature articles on themes relating to the Asia Pacific region, China, India, Vietnam, Australia.
590 ## - LOCAL NOTE (RLIN)
Local note KA NTK
651 #4 - SUBJECT ADDED ENTRY--GEOGRAPHIC NAME
Geographic name Asia Pacific
690 ## - LOCAL SUBJECT ADDED ENTRY--TOPICAL TERM (OCLC, RLIN)
Topical term or geographic name as entry element Commercial property
9 (RLIN) 6227
690 ## - LOCAL SUBJECT ADDED ENTRY--TOPICAL TERM (OCLC, RLIN)
Topical term or geographic name as entry element Residential property
9 (RLIN) 6266
856 40 - ELECTRONIC LOCATION AND ACCESS
Uniform Resource Identifier <a href="https://www.joneslanglasalle.co.in/India/EN-GB/Pages/ResearchFilter.aspx">https://www.joneslanglasalle.co.in/India/EN-GB/Pages/ResearchFilter.aspx</a>
Public note View the report at www.joneslanglasalle.co.uk
942 ## - ADDED ENTRY ELEMENTS (KOHA)
Suppress in OPAC 0
Holdings
Withdrawn status Lost status Source of classification or shelving scheme Damaged status Not for loan Home library Current library Shelving location Date acquired Total Checkouts Full call number Barcode Date last seen Copy number Price effective from Koha item type
    Dewey Decimal Classification     Virtual Virtual Online 17/08/2012   ONLINE PUBLICATION 157041-2001 06/08/2019 1 06/08/2019 Book